Normal view
MARC view
Entry Topical Term
001 - CONTROL NUMBER
- control field: 6941
003 - CONTROL NUMBER IDENTIFIER
- control field: OSt
005 - DATE AND TIME OF LATEST TRANSACTION
- control field: 20130228193809.0
008 - FIXED-LENGTH DATA ELEMENTS
- fixed length control field: 130228|||a|||||| | ||| d
040 ## - CATALOGING SOURCE
- Original cataloging agency: OSt
- Transcribing agency: OSt
150 ## - HEADING--TOPICAL TERM
- Topical term or geographic name as entry element: ALL ER consolidated Index, 1936-2011 Vol.3
670 ## - SOURCE DATA FOUND
- Source citation: Work cat.: (OSt): Edited by Herring, Wendy 6935, The All England Law Reports : consolidated Index, 1936-2011 Vol.3 / , 2011
